<?xml version="1.0" encoding="UTF-8"?>
<record
    xmlns:xsi="http://www.w3.org/2001/XMLSchema-instance"
    xsi:schemaLocation="http://www.loc.gov/MARC21/slim http://www.loc.gov/standards/marcxml/schema/MARC21slim.xsd"
    xmlns="http://www.loc.gov/MARC21/slim">

  <leader>00838nam a2200253 a 4500</leader>
  <controlfield tag="001">2592</controlfield>
  <controlfield tag="003">CDMR</controlfield>
  <controlfield tag="005">20151026104202.0</controlfield>
  <controlfield tag="008">130130s2010||||sp |||||||||||||||||cat|d</controlfield>
  <datafield tag="020" ind1=" " ind2=" ">
    <subfield code="a">9788497889223</subfield>
  </datafield>
  <datafield tag="040" ind1=" " ind2=" ">
    <subfield code="a">CDMR</subfield>
    <subfield code="b">cat</subfield>
    <subfield code="c">CPC GIRONA</subfield>
  </datafield>
  <datafield tag="100" ind1="1" ind2=" ">
    <subfield code="a">Ferr&#xE9; Pavia, Carme</subfield>
    <subfield code="9">1263</subfield>
  </datafield>
  <datafield tag="245" ind1="1" ind2="0">
    <subfield code="a">Llibre d'estil</subfield>
    <subfield code="b">: Ag&#xE8;ncia Catalana de Not&#xED;cies</subfield>
    <subfield code="c">Carme Ferr&#xE9; Pavia i Anna Nogu&#xE9; Reg&#xE0;s</subfield>
  </datafield>
  <datafield tag="260" ind1=" " ind2=" ">
    <subfield code="b">Editorial UOC</subfield>
    <subfield code="a">Barcelona</subfield>
  </datafield>
  <datafield tag="260" ind1=" " ind2=" ">
    <subfield code="c">2010</subfield>
    <subfield code="b">El Ciervo 96</subfield>
  </datafield>
  <datafield tag="300" ind1=" " ind2=" ">
    <subfield code="a">236 p.</subfield>
  </datafield>
  <datafield tag="490" ind1=" " ind2=" ">
    <subfield code="a">Comunicaci&#xF3;</subfield>
    <subfield code="v">163</subfield>
  </datafield>
  <datafield tag="500" ind1=" " ind2=" ">
    <subfield code="a">A la portada: Incom UAB, Institut de la Comunicaci&#xF3;, Universitat Aut&#xF2;noma de Barcelona</subfield>
  </datafield>
  <datafield tag="650" ind1="0" ind2="4">
    <subfield code="9">3086</subfield>
    <subfield code="a">Periodisme</subfield>
    <subfield code="x">Manuals d'estil</subfield>
  </datafield>
  <datafield tag="650" ind1="0" ind2="4">
    <subfield code="9">1890</subfield>
    <subfield code="a">Ag&#xE8;ncies de not&#xED;cies</subfield>
  </datafield>
  <datafield tag="700" ind1="1" ind2=" ">
    <subfield code="9">3183</subfield>
    <subfield code="a">Nogu&#xE9; Reg&#xE0;s, Anna</subfield>
  </datafield>
  <datafield tag="710" ind1="2" ind2=" ">
    <subfield code="9">3028</subfield>
    <subfield code="a">Ag&#xE8;ncia Catalana de Not&#xED;cies</subfield>
  </datafield>
  <datafield tag="942" ind1=" " ind2=" ">
    <subfield code="c">MON</subfield>
    <subfield code="2">udc</subfield>
  </datafield>
  <datafield tag="999" ind1=" " ind2=" ">
    <subfield code="c">2592</subfield>
    <subfield code="d">2592</subfield>
  </datafield>
  <datafield tag="952" ind1=" " ind2=" ">
    <subfield code="0">0</subfield>
    <subfield code="1">0</subfield>
    <subfield code="4">0</subfield>
    <subfield code="7">0</subfield>
    <subfield code="a">GIRONA</subfield>
    <subfield code="b">GIRONA</subfield>
    <subfield code="d">2010-12-03</subfield>
    <subfield code="l">0</subfield>
    <subfield code="o">Bn 340</subfield>
    <subfield code="p">GIRONA1311612898</subfield>
    <subfield code="r">2013-01-16</subfield>
    <subfield code="w">2013-01-16</subfield>
    <subfield code="y">MON</subfield>
  </datafield>
  <datafield tag="952" ind1=" " ind2=" ">
    <subfield code="0">0</subfield>
    <subfield code="1">0</subfield>
    <subfield code="4">0</subfield>
    <subfield code="7">0</subfield>
    <subfield code="a">CDMR</subfield>
    <subfield code="b">CDMR</subfield>
    <subfield code="d">2013-01-16</subfield>
    <subfield code="l">2</subfield>
    <subfield code="m">1</subfield>
    <subfield code="o">Dc 2/5</subfield>
    <subfield code="p">CDMR13046202</subfield>
    <subfield code="r">2019-05-23</subfield>
    <subfield code="s">2019-05-17</subfield>
    <subfield code="w">2013-04-16</subfield>
    <subfield code="y">MON</subfield>
  </datafield>
  <datafield tag="952" ind1=" " ind2=" ">
    <subfield code="0">0</subfield>
    <subfield code="1">0</subfield>
    <subfield code="4">0</subfield>
    <subfield code="7">0</subfield>
    <subfield code="a">LLEIDA</subfield>
    <subfield code="b">LLEIDA</subfield>
    <subfield code="d">2013-08-02</subfield>
    <subfield code="l">0</subfield>
    <subfield code="o">126MAN</subfield>
    <subfield code="p">LLEIDA13086873</subfield>
    <subfield code="r">2013-08-02</subfield>
    <subfield code="w">2013-08-02</subfield>
    <subfield code="y">MON</subfield>
  </datafield>
</record>
